Statistics for Countries That Are Not Fully Recognized

Click here to take the quiz!

General Stats

  • This quiz has been taken 93 times
  • The average score is 6 of 7

Answer Stats

Notable Denials of RecognitionCountry% Correct
North KoreaSouth Korea
98%
South KoreaNorth Korea
96%
Serbia and 90 or so othersKosovo
92%
China and 100+ countriesTaiwan
89%
Lebanon, Syria, Saudi Arabia and 28 othersIsrael
88%
TurkeyCyprus
85%
PakistanArmenia
49%

Score Distribution

Percentile by Number Answered

Percent of People with Each Score

Your Score History

You have not taken this quiz